Statystyki dla Państwa UE o największym procencie młodych mieszkających z rodzicami.

Kliknij tutaj aby rozwiązać quiz!

Ogólne statystyki

  • Ten quiz został rozwiązany 23 razy
  • Średni wynik to 9 z 10

Statystyki odpowiedzi

Odsetek młodych mieszkających z rodzicamiPaństwo% Poprawnych
43,9%Polska
100%
53,1%Włochy
100%
57,8%Grecja
86%
46,4%Hiszpania
86%
45,2%Portugalia
86%
40,9%Rumunia
86%
55%Słowacja
86%
48,8%Bułgaria
82%
62,2%Chorwacja
77%
45,4%Malta
73%

Rozkład punktacji

Percentyl według liczby udzielonych odpowiedzi

Procent ludzi z każdym wynikiem

Twoja historia wyników

Nie rozwiązałeś tego quizu